|
|
|
|
| LEADER |
01291ppm a22003018a 4500 |
| 001 |
00033046 |
| 005 |
20180302140345.0 |
| 008 |
150325s2014 ||||||viesd |
| 041 |
0 |
# |
|a vie
|
| 082 |
1 |
4 |
|b V121D
|a 372.62
|
| 100 |
1 |
# |
|a Nguyễn, Thị Kim Hường
|
| 245 |
0 |
0 |
|a Vận dụng phép tu từ nhân hóa trong dạy học văn miêu tả lớp 4,5
|b Luận văn thạc sĩ giáo dục học. Chuyên ngành:Giáo dục học( Bậc tiểu học). Mã số: 6014010102
|c Nguyễn Thị Kim Hường; Trần Thanh Vân (hướng dẫn)
|
| 260 |
# |
# |
|a Đồng Tháp
|b Đại học Đồng Tháp
|c 2014
|
| 300 |
# |
# |
|a 102 tr. +phụ lục
|c 30cm.
|
| 500 |
# |
# |
|a ĐTTTS ghi: Bộ giáo dục và đào tạo. Trường Đại học Đồng tháp
|
| 653 |
# |
# |
|a Giáo dục
|
| 653 |
# |
# |
|a Dạy học
|
| 653 |
# |
# |
|a Luận văn
|
| 653 |
# |
# |
|a Vận dụng
|
| 653 |
# |
# |
|a Văn miêu tả
|
| 653 |
# |
# |
|a Tu từ
|
| 653 |
# |
# |
|a Nhân hóa
|
| 653 |
# |
# |
|a Tiểu học
|
| 700 |
1 |
# |
|a Trần, Thanh Vân
|e Hướng dẫn
|
| 852 |
# |
# |
|j LV.0000545
|j LV.0001698
|
| 852 |
# |
# |
|b Kho đọc SĐH
|j LV.0000545
|
| 910 |
0 |
# |
|a kchi
|d 25/3/2015
|
| 980 |
# |
# |
|a Trung tâm Học liệu Lê Vũ Hùng, Trường Đại học Đồng Tháp
|